Central Library OPAC University of Rajshahi

দু'টি পাতা একটি কুঁড়ি / (Record no. 49482)

MARC details
000 -LEADER
fixed length control field 01135nam a2200241 a 4500
001 - CONTROL NUMBER
control field 49482
003 - CONTROL NUMBER IDENTIFIER
rucl marc code BD-RjUL
005 - DATE AND TIME OF LATEST TRANSACTION
control field 20211209054703.0
008 - FIXED-LENGTH DATA ELEMENTS--GENERAL INFORMATION
fixed length control field 160821s19571937bg ||||| |||| 00| 0 ben d
020 ## - INTERNATIONAL STANDARD BOOK NUMBER
Terms of availability :TK.4.50
035 ## - SYSTEM CONTROL NUMBER
System control number (BD-RjUL)49601
040 ## - CATALOGING SOURCE
Original cataloging agency BD-RjUL
Language of cataloging ben
Transcribing agency BD-RjUL
041 ## - LANGUAGE CODE
Language code of text/sound track or separate title ben
082 ## - DEWEY DECIMAL CLASSIFICATION NUMBER
Edition number 23
Classification number 891.443
Author mark and year AND 1967
100 ## - MAIN ENTRY--PERSONAL NAME
Personal name আনন্দ, মুল্‌ক্‌রাজ
9 (RLIN) 148469
245 10 - TITLE STATEMENT
Title দু'টি পাতা একটি কুঁড়ি /
Statement of responsibility, etc. মুল্‌ক্‌রাজ আনন্দ, অনুবাদ নৃপেন্দ্রকৃষ্ণ চট্টোপাধ্যায়
260 ## - PUBLICATION, DISTRIBUTION, ETC. (IMPRINT)
Place of publication, distribution, etc. কলিকাতা :
Name of publisher, distributor, etc. র‌্যাডিক্যাল বুক ক্লাব,
Date of publication, distribution, etc. ১৯৩৭, [মুদ্রণ ১৯৫৭]
300 ## - PHYSICAL DESCRIPTION
Pagination ৩০৪ পৃ.;
Size ১৯ সেমি.
650 ## - SUBJECT ADDED ENTRY--TOPICAL TERM
Topical term or geographic name as entry element বাংলা সাহিত্য
Form subdivision উপন্যাস
9 (RLIN) 148470
Topical term or geographic name as entry element Bengali Literature
Form subdivision Fiction
9 (RLIN) 148471
700 ## - ADDED ENTRY--PERSONAL NAME
Personal name চট্টোপাধ্যায়, নৃপেন্দ্রকৃষ্ণ ,অনুবাদ
942 ## - ADDED ENTRY ELEMENTS (KOHA)
Source of classification or shelving scheme Dewey Decimal Classification
Koha item type Books
Holdings
Lost status Source of classification or shelving scheme Damaged status Not for loan Collection code Permanent Location Current Location Shelving location Date acquired Source of acquisition Cost, normal purchase price Total Checkouts Full call number Date last seen Copy number Koha item type
  Dewey Decimal Classification     Non-fiction Central Library, University of Rajshahi Central Library, University of Rajshahi   04/06/1958 komla books 4.50   B 891.443 AND 1967 21/08/2016 C-2 Books